00471nam a2200181 a 4500001001300000003000900013005001700022008004100039020001000080082001800090245002800108260003400136300000900170500003500179650002500214650002200239710002800261nice12345678IN_TiNIC20260116011616.0070621s1919 alia grp 000 0 eng  ac10000a225.5923bOXF aNew Testament in Syriac aAligarh bNo Publisher c1919 a194p aincludes index and biblioraphy aNew Testament-Syriac aBible N.T. Syriac2 aOxford University Prees